| 000 | 00581nam a22001817a 4500 | ||
|---|---|---|---|
| 003 | CEME | ||
| 005 | 20210628203523.0 | ||
| 008 | 210119b xxu||||| |||| 00| 0 eng d | ||
| 020 | _a9783540791836 | ||
| 040 | _c. | ||
| 082 | _a658.562 LOC | ||
| 100 |
_aLoch, Christoph H, Chick, Stephen, Huchzermeier, Arnd _965978 |
||
| 245 | _aManagement quality and competitiveness, lessons from the industrial excellence award | ||
| 260 |
_aBERLIN _bSPRINGER _c2008 |
||
| 300 | _aXII,156P | ||
| 650 |
_aMANAGEMENT.ORGANIZATIONAL EFFECTIVENESS.SUCCESS IN BUSINESS _965979 |
||
| 942 |
_cBK _2ddc |
||
| 999 |
_c574040 _d574040 |
||